المشروع القومى العربى : خيارات التعامل مع الازمة / (Record no. 43389)
[ view plain ]
| 000 -الفاتح | |
|---|---|
| حقل البيانات ثابتة الطول | 00600nam a2200193Ia 4500 |
| 008 - عناصر البيانات ثابتة الطول - معلومات عامة | |
| حقل البيانات ثابتة الطول | 140319s9999 xx 000 0 ara d |
| 040 ## - مصدر الفهرسة | |
| وكالة الفهرسة الأصلية | GCL / |
| وكالة النسخ | GCL |
| 082 04 - رقم تصنيف ديوى العشرى | |
| رقم التصنيف | 327.953 |
| رقم المادة | ا م |
| 100 1# - المدخل الرئيسى - إسم شخصى | |
| الإسم الشخصى | رمزى زكى |
| 245 10 - بيان العنوان | |
| العنوان | المشروع القومى العربى : خيارات التعامل مع الازمة / |
| بيان المسئوليه,etc | رمزى زكى |
| 700 1# - المدخل الاضافى - اسم شخصى | |
| الإسم الشخصى | احمد يوسف |
| 700 1# - المدخل الاضافى - اسم شخصى | |
| الإسم الشخصى | محمد جابر الانصارى |
| 700 1# - المدخل الاضافى - اسم شخصى | |
| الإسم الشخصى | محمود عبدالفضيل |
| 700 1# - المدخل الاضافى - اسم شخصى | |
| الإسم الشخصى | محمد السيد سعيد |
| 700 1# - المدخل الاضافى - اسم شخصى | |
| الإسم الشخصى | كريم مروة |
| 300 ## - الوصف المادى | |
| التعداد | 127 |
| 490 ## - بيان السلسلة | |
| عنوان السلسلة | 100 قصة |
| رقم المجلد/ التعيين التسلسلي | 0 |
| حالة التراجع | حالة الفقد | حالة تلف | ليس للاعارة | المكان المؤقت | الموقع الحالى | تاريخ الاكتساب | اجمالي اﻻعارات | رقم الطلب | الباركود | تاريخ اخر مشاهدة | تاريخ تفعيل السعر | نوع وعاء كوها |
|---|---|---|---|---|---|---|---|---|---|---|---|---|
| مكتبة القاهرة الكبرى | مكتبة القاهرة الكبرى | 03/26/2014 | 327.953\ا م | 105021 | 03/26/2014 | 03/26/2014 | كتاب |

